| 000 | 006150000a22001930004500 | ||
|---|---|---|---|
| 020 | _a84-7228-238-4 | ||
| 041 | 0 | _aSPA | |
| 082 | 0 | 4 | _aG 253.4 H518e |
| 100 | 1 | _aHenrichsen, Walter A. | |
| 245 | 1 | 0 | _aEL discipulo se hace, no nace : cómo transformar a los creyentes en discípulos / Walter A. Henrichsen ; Samuel Vila, Traductor |
| 260 | _aTerrassa, Barcelona, España : CLIE | ||
| 300 | _a160 Pag | ||
| 500 | _aTítulo original : Disciplesare made-not born | ||
| 001 | 6343 | ||
| 942 | _cBK | ||
| 999 |
_c36616 _d36616 |
||
| 336 |
_atexto _btxt _2rdacontent |
||
| 337 |
_2rdamedia _asin mediación _bn |
||
| 338 |
_2rdacarrier _avolumen _bnc |
||